DERECHO PENAL MEXICANO : (Registro nro. 3437)
[ vista simple ]
| 000 -LEADER | |
|---|---|
| fixed length control field | 00462nam a2200181 a 4500 |
| 001 - CONTROL NUMBER | |
| control field | 3437 |
| 005 - DATE AND TIME OF LATEST TRANSACTION | |
| control field | 20180713183352.0 |
| 008 - FIXED-LENGTH DATA ELEMENTS--GENERAL INFORMATION | |
| fixed length control field | 140415s1990 000 0 spa d |
| 020 ## - INTERNATIONAL STANDARD BOOK NUMBER | |
| International Standard Book Number | 9684328524 |
| 041 ## - LANGUAGE CODE | |
| Language code of text/sound track or separate title | spa |
| 082 ## - DEWEY DECIMAL CLASSIFICATION NUMBER | |
| Classification number | 345.72 |
| Item number | VIL |
| 100 1# - MAIN ENTRY--PERSONAL NAME | |
| Personal name | VILLALOBOS, IGNACIO |
| 245 10 - TITLE STATEMENT | |
| Title | DERECHO PENAL MEXICANO : |
| Remainder of title | PARTE GENERAL |
| 250 ## - EDITION STATEMENT | |
| Edition statement | 5a ed. |
| 260 ## - PUBLICATION, DISTRIBUTION, ETC. | |
| Place of publication, distribution, etc. | [s.l.] : |
| Name of publisher, distributor, etc. | PORRUA, |
| Date of publication, distribution, etc. | 1990 |
| 300 ## - PHYSICAL DESCRIPTION | |
| Extent | 654 |
| 650 14 - SUBJECT ADDED ENTRY--TOPICAL TERM | |
| Topical term or geographic name entry element | DERECHO PENAL |
| General subdivision | MEXICO |
| Withdrawn status | Lost status | Source of classification or shelving scheme | Damaged status | Not for loan | Home library | Current library | Shelving location | Date acquired | Source of acquisition | Total Checkouts | Full call number | Barcode | Price effective from | Koha item type | Collection code | Date last seen | Date last checked out | Inventory number |
|---|---|---|---|---|---|---|---|---|---|---|---|---|---|---|---|---|---|---|
| Extraviado | Dewey Decimal Classification | Biblioteca Karol Wojtyla | Biblioteca Karol Wojtyla | 03/12/2013 | Compra | 345.72 VIL | 34676 | 03/12/2013 | Libro | |||||||||
| Dewey Decimal Classification | Biblioteca Karol Wojtyla | Biblioteca Karol Wojtyla | Sala general | 03/12/2013 | Compra | 345.72 VIL | 18025 | 03/12/2013 | Libro | General | 05/01/2026 | 21/08/2014 | 151000000000000000046238 | |||||
| Dewey Decimal Classification | Biblioteca Karol Wojtyla | Biblioteca Karol Wojtyla | Sala general | 03/12/2013 | Compra | 345.72 VIL | 14502 | 03/12/2013 | Libro | General | 05/01/2026 | 23/09/2014 | 151000000000000000046237 | |||||
| Descarte | Dewey Decimal Classification | Tehuacán | Tehuacán | Sala general | 03/12/2013 | Compra | 1 | 345.72 VIL | 20209 | 03/12/2013 | Libro | General | 21/01/2019 | 07/01/2019 |